Financiamiento del pequeño industrial en los países en desarrollo / (Registro nro. 7900)

Detalles MARC
000 -LEADER
fixed length control field 01140nam a2200241Ia 4500
003 - CONTROL NUMBER IDENTIFIER
control field OSt
005 - DATE AND TIME OF LATEST TRANSACTION
control field 20210527111101.0
008 - FIXED-LENGTH DATA ELEMENTS--GENERAL INFORMATION
fixed length control field 210310s1970 eu fr 001 0 spa d
040 ## - CATALOGING SOURCE
Original cataloging agency CO-JMCR
Transcribing agency CO-JMCR
041 1# - LANGUAGE CODE
Language code of text/sound track or separate title spa
Language code of original eng
082 04 - DEWEY DECIMAL CLASSIFICATION NUMBER
Classification number 332.153 /
Item number D247f
Edition number 23
100 1# - MAIN ENTRY--PERSONAL NAME
Personal name Davenport, Robert W.,
9 (RLIN) 15765
Relator term autor
245 10 - TITLE STATEMENT
Title Financiamiento del pequeño industrial en los países en desarrollo /
Statement of responsibility, etc. Robert W. Davenport ; [traductor, Francisco Gómez Palacio]
260 ## - PUBLICATION, DISTRIBUTION, ETC.
Place of publication, distribution, etc. México :
Name of publisher, distributor, etc. Centro Regional de Ayuda Técnica : ADI,
Date of publication, distribution, etc. 1970
300 ## - PHYSICAL DESCRIPTION
Extent xvi, 507 páginas ;
Dimensions 21 cm.
500 ## - GENERAL NOTE
General note Incluye notas a pie de página e índice alfabético.<br/>Título original: Financing the small manufacturer in developing countries
505 0# - FORMATTED CONTENTS NOTE
Formatted contents note Estrategia general para perfeccionar los servicios financieros -- Posibles conductas del financiamiento de desarrollo -- Algunos problemas de operación -- Estudios de casos adicionales
546 ## - LANGUAGE NOTE
Language note Traducido del inglés.
650 14 - SUBJECT ADDED ENTRY--TOPICAL TERM
Topical term or geographic name entry element Países en desarrollo
9 (RLIN) 15767
General subdivision Finanzas
650 14 - SUBJECT ADDED ENTRY--TOPICAL TERM
Topical term or geographic name entry element Empresas
General subdivision Gestión
9 (RLIN) 37943
700 1# - ADDED ENTRY--PERSONAL NAME
Personal name Gómez Palacio, Francisco,
Relator term traductor
9 (RLIN) 37944
942 ## - ADDED ENTRY ELEMENTS (KOHA)
Source of classification or shelving scheme Dewey Decimal Classification
Koha item type Books
Existencias
Withdrawn status Lost status Source of classification or shelving scheme Damaged status Not for loan Collection code Home library Current library Date acquired Source of acquisition Full call number Barcode Date last seen Copy number Koha item type
    Dewey Decimal Classification     Non-fiction Biblioteca Pública José María del Castillo y Rada Biblioteca Pública José María del Castillo y Rada 04/15/2018 Donación 332.153 / D247f 430003348 05/16/2024 Ej.1 Books